LIBRARY & INFORMATION CENTRE, KCAET, TAVANUR

ONLINE PUBLIC ACCESS CATALOGUE (OPAC)

Economic history of India / (Record no. 1643)

MARC details
000 -LEADER
fixed length control field 00592cam a2200217ua 4500
041 ## - LANGUAGE CODE
Language code of text/sound track or separate title eng
082 ## - DEWEY DECIMAL CLASSIFICATION NUMBER
Classification number 330.9
Item number ROM/EC
100 ## - MAIN ENTRY--AUTHOR NAME
Personal name Duff, Ramesh .
245 ## - TITLE STATEMENT
Title Economic history of India /
250 ## - EDITION STATEMENT
Edition statement 1 /
260 ## - PUBLICATION, DISTRIBUTION, ETC. (IMPRINT)
Place of publication :
Name of publisher Ministry of I&B, Govt. of India ,
Year of publication 1963.
300 ## - PHYSICAL DESCRIPTION
Number of Pages 304 ; .
490 0# - SERIES STATEMENT
Series statement Classics of Indian history and economics,
Volume number/sequential designation
942 ## - ADDED ENTRY ELEMENTS (KOHA)
Koha item type Books
Holdings
Withdrawn status Lost status Damaged status Home library Current library Date acquired Full call number Accession Number Koha item type
Withdrawn     KAUAET Sanskrit University 07/04/2012 330.9 4322 Books
Withdrawn     KAUAET Sanskrit University 07/04/2012 330.9 4321 Books
free website counter